Hariwansha:Kavivarya Moropantanche Samagra Granth (Record no. 346990)

MARC details
000 -LEADER
fixed length control field 003910000a22001570004500
005 - DATE AND TIME OF LATEST TRANSACTION
control field 20120302054926.0
040 ## - CATALOGING SOURCE
Original cataloging agency MAR
245 ## - TITLE STATEMENT
Title Hariwansha:Kavivarya Moropantanche Samagra Granth
260 ## - PUBLICATION, DISTRIBUTION, ETC. (IMPRINT)
Place of publication, distribution, etc Pune:Ramkrishna Paraadkar,1914.
300 ## - PHYSICAL DESCRIPTION
Extent 498,3p.
650 ## - SUBJECT ADDED ENTRY--TOPICAL TERM
Topical term or geographic name as entry element Granth
650 ## - SUBJECT ADDED ENTRY--TOPICAL TERM
Topical term or geographic name as entry element Kavi-Moropanta
650 ## - SUBJECT ADDED ENTRY--TOPICAL TERM
Topical term or geographic name as entry element Oavya-Aaryaa-Moropanta
650 ## - SUBJECT ADDED ENTRY--TOPICAL TERM
Topical term or geographic name as entry element Moropanta-Kavya
942 ## - ADDED ENTRY ELEMENTS (KOHA)
Koha item type Book
Holdings
Withdrawn status Lost status Damaged status Not for loan Home library Current library Date acquired Total Checkouts Barcode Date last seen Price effective from
        Institute For Oriental Study, Thane Institute For Oriental Study, Thane 12/02/2009   IOS-6183 12/02/2009 12/02/2009